000 00663nam a2200241Ia 4500
003 OSt
005 20221007075817.0
006 a|||||r|||| 00| 0
007 ta
008 221006b |||||||| |||| 00| 0 eng d
020 _a5780199458066
024 _a44,837
037 _cTextual
040 _aFLL
_cFLL
_beng
041 _2eng
_aeng
082 _aV2:58(Q), Q6
100 _aAHMAD Farrah
_9694259
245 0 _aReligious freedom under the personal law system
260 _aNew Delhi
_bOxford University Press India
_c2016
300 _axviii,242p.
_ccm.
942 _hV2:58(Q), Q6
_cTEXL
_2CC
999 _c1157458
_d1157458